000 00999nam a22002417a 4500
003 PE SENCICO BE
005 20251020182645.0
008 231027b |||||||| |||| 00| 0 eng d
040 _aPE SENCICO BE
_cPE SENCICO BE
041 _aspa
084 _aI
_aDIB
_a2017
_bM63
100 1 _91729
_aMiranda Zamora, Beny
_eautor
245 1 _aInstalaciones especiales:
_bsistemas de seguridad /
_cBeny Miranda Zamora
260 _aLima :
_c2017
300 _a44 h. :
_bil. col., tabls. ;
_c30 cm.
502 _aMonografía de Titulación.-- Servicio Nacional de Capacitación para la Industria de la Construcción. Escuela Superior Técnica. Carrera Profesional Técnica en Dibujo en Construcción Civil, 2017.
650 1 0 _91730
_aSistemas de seguridad
650 2 0 _91702
_aSensores
650 2 0 _9894
_aProtección contra incendios
710 1 _aServicio Nacional de Capacitación para la Industria de la Construcción.
_bEscuela Superior Técnica
_91065
910 _bhfp
_chfp
942 _cMON
_2ddc
999 _c4405
_d4405